000 00748nam a2200253 i 4500
001 bg
100 1 _aKRAJEWSKI, Stefan
245 1 0 _aĆwiczenia laboratoryjne z podstaw automatyki /
_cStefan Krajewski, Ryszard Musielak.
250 _aWyd. 2 rozsz.
260 _aPoznań :
_bWydaw. Politechniki Poznańskiej,
_c1996.
300 _a120, [1] s. :
_brys., wykr. ;
_c24 cm.
504 _aBibliogr. s. [121].
521 _aDla studentów kierunków mechanicznych.
650 9 _aAutomatyka
655 _aPodręczniki akademickie
700 1 _aMUSIELAK, Ryszard
020 _a8371431937
040 _cBPK
041 0 _apl
080 _a681.5(075.8)
920 _a83-7143-193-7
942 _cKS
008 s pl f |000 0 pol
999 _c24944
_d24944
856 _uhttp://koha.tu.koszalin.pl/cgi-bin/koha/opac-detail.pl?biblionumber=24944
_yKatalog online BPK